| 000 | 00757cam2a220019301 4500 | ||
|---|---|---|---|
| 001 | lce02190916 | ||
| 005 | 20190819091946.0 | ||
| 008 | 870305s1970 gh c 000 0beng | ||
| 035 | _a(Sirsi) r85416 | ||
| 050 | 0 | _aPN 2990.8.J64 SUT 1970 | |
| 100 | 1 |
_aSutherland, Efua Theodora. _6A4145.1 |
|
| 245 | 1 | 4 |
_aThe original Bob : _bthe story of Bob Johnson, Ghana's ace comedian / _cEfua Sutherland ; pictures by Willis Bell. |
| 260 |
_aAccra [Ghana] : _bAnowuo Educational Publications, _c1970. |
||
| 440 | 0 |
_aMakers of Ghanaian theatre ; _v1 _6S7433.1 |
|
| 500 | _aCover title: The story of Bob Johnson, Ghana's ace comedian. | ||
| 600 | 1 | 0 | _aJohnson, Bob |
| 650 | 0 | _aComedians -- Ghana -- Biography. | |
| 740 | 0 | _aStory of Bob Johnson, Ghana's ace comedian. | |
| 999 |
_c96231 _d96231 |
||